[Event "Battle of the Sexes 2022"]
[Site "Gibraltar ENG"]
[Date "2022.01.26"]
[Round "3.4"]
[White "Sukandar, Irine Kharisma"]
[Black "Aziz, Husain"]
[Result "1/2-1/2"]
[WhiteTitle "IM"]
[BlackTitle "IM"]
[WhiteElo "2407"]
[BlackElo "2379"]
[WhiteTeam "PIA"]
[BlackTeam "SABINO"]
[WhiteFideId "7101937"]
[BlackFideId "12100293"]
[EventDate "2022.01.24"]

1. e4 e5 2. Nf3 Nc6 3. Bb5 Nf6 4. O-O Nxe4 5. d4 Nd6 6. dxe5 Nxb5 7. a4 Nbd4 8.
Nxd4 d5 9. c3 Be7 10. f4 f6 11. Be3 O-O 12. Nxc6 bxc6 13. Nd2 fxe5 14. fxe5 Bf5
15. Nb3 Qe8 16. Nd4 Qg6 17. Nxf5 Rxf5 18. Qd4 Rxf1+ 19. Rxf1 a5 20. h3 Qe6 21.
c4 h6 22. Rc1 Rd8 23. Bf4 Rb8 24. Bd2 Bb4 25. Be3 Rd8 26. Bf4 Rd7 27. Kh1 Rf7
28. Bg3 Rd7 29. Rd1 Kh7 30. Kh2 Kg8 31. Rd3 Qf5 32. Rf3 Qe6 33. Rd3 Qf5 34. Rf3 1/2-1/2

[Event "Battle of the Sexes 2022"]
[Site "Gibraltar ENG"]
[Date "2022.01.26"]
[Round "3.5"]
[White "Girya, Olga"]
[Black "Csonka, Balazs"]
[Result "1/2-1/2"]
[WhiteTitle "GM"]
[BlackTitle "IM"]
[WhiteElo "2405"]
[BlackElo "2474"]
[WhiteTeam "PIA"]
[BlackTeam "SABINO"]
[WhiteFideId "4195752"]
[BlackFideId "742910"]
[EventDate "2022.01.24"]

1. d4 d5 2. c4 dxc4 3. e3 Nf6 4. Bxc4 e6 5. Nf3 a6 6. O-O b5 7. Bd3 Bb7 8. a4 b4
9. Qe2 c5 10. Rd1 Nbd7 11. Nbd2 Be7 12. Nc4 O-O 13. e4 cxd4 14. Nxd4 Nc5 15. Bc2
Qc7 16. e5 Nd5 17. Qg4 Rfc8 18. Bh6 g6 19. Qg3 b3 20. Bb1 1/2-1/2

[Event "Battle of the Sexes 2022"]
[Site "Gibraltar ENG"]
[Date "2022.01.26"]
[Round "3.6"]
[White "Muzychuk, Mariya"]
[Black "Cheng, Bobby"]
[Result "1/2-1/2"]
[WhiteTitle "GM"]
[BlackTitle "GM"]
[WhiteElo "2539"]
[BlackElo "2550"]
[WhiteTeam "PIA"]
[BlackTeam "SABINO"]
[WhiteFideId "14114550"]
[BlackFideId "4300033"]
[EventDate "2022.01.24"]

1. e4 c5 2. Nf3 d6 3. Bb5+ Nd7 4. O-O a6 5. Bd3 Ngf6 6. c3 e6 7. Re1 b5 8. Bc2
Bb7 9. d4 Be7 10. Bg5 h6 11. Bh4 g5 12. Bg3 Nh5 13. dxc5 dxc5 14. Bd6 Bxd6 15.
Qxd6 Qb6 16. Qxb6 Nxb6 17. Nbd2 Rd8 18. Nb3 Na4 19. Na5 Ba8 20. Bxa4 bxa4 21.
Ne5 O-O 22. f3 a3 23. bxa3 Nf4 24. Rad1 Ne2+ 25. Kf2 Nxc3 26. Rc1 Na4 27. Rc4
Rd4 28. Rxd4 cxd4 29. Rd1 Rd8 30. Nec6 Bxc6 31. Nxc6 Rd6 32. Rxd4 Rxc6 33. Rxa4
Kg7 34. Kg3 Kg6 35. Ra5 f6 36. h4 Rb6 37. Rc5 Rd6 38. hxg5 hxg5 39. Ra5 Rc6 40.
Kg4 Rd6 41. Rc5 Rd2 42. g3 Rd6 43. f4 Rd4 44. Ra5 Rxe4 45. Kf3 f5 46. fxg5 Kxg5
47. Rxa6 Kf6 48. a4 Rc4 49. a5 Rc3+ 50. Kg2 Rc2+ 51. Kf3 Rxa2 52. Ra8 Ra3+ 1/2-1/2

[Event "Battle of the Sexes 2022"]
[Site "Gibraltar ENG"]
[Date "2022.01.26"]
[Round "3.7"]
[White "Batsiashvili, Nino"]
[Black "Rosen, Eric"]
[Result "0-1"]
[WhiteTitle "GM"]
[BlackTitle "IM"]
[WhiteElo "2491"]
[BlackElo "2356"]
[WhiteTeam "PIA"]
[BlackTeam "SABINO"]
[WhiteFideId "13602993"]
[BlackFideId "2032562"]
[EventDate "2022.01.24"]

1. d4 Nf6 2. c4 e6 3. Nc3 Bb4 4. Nf3 b6 5. e3 Bb7 6. Bd3 O-O 7. O-O d5 8. cxd5
exd5 9. Ne5 Nbd7 10. f4 c5 11. Qf3 Re8 12. Qh3 Nf8 13. Bb5 Re7 14. Bd2 a6 15.
Ba4 b5 16. Bc2 Rc8 17. Be1 Bxc3 18. bxc3 cxd4 19. exd4 Ne4 20. Rd1 f6 21. Ng4
Qc7 22. Rc1 Kh8 23. Bb3 a5 24. Ne3 Rd8 25. Qf3 b4 26. Nf5 Ree8 27. Rc2 Qd7 28.
Qg4 Nd6 29. Nxd6 Qxg4 30. Nxb7 Rb8 31. Nxa5 bxc3 32. Rxc3 Ne6 33. Rg3 Qf5 34.
Nc6 Rbc8 35. Ba4 Qe4 36. Bf2 Nxf4 37. Rf3 g5 38. h3 Ra8 39. Bb5 Rxa2 40. Nb4
Rxf2 41. R3xf2 Rb8 0-1

[Event "Battle of the Sexes 2022"]
[Site "Gibraltar ENG"]
[Date "2022.01.26"]
[Round "3.8"]
[White "Efroimski, Marsel"]
[Black "Bwalya, Gillan"]
[Result "1/2-1/2"]
[WhiteTitle "IM"]
[BlackTitle "IM"]
[WhiteElo "2437"]
[BlackElo "2410"]
[WhiteTeam "PIA"]
[BlackTeam "SABINO"]
[WhiteFideId "2810964"]
[BlackFideId "8700257"]
[EventDate "2022.01.24"]

1. e4 c5 2. Nf3 e6 3. d4 cxd4 4. Nxd4 a6 5. Nc3 b5 6. a3 Bb7 7. g3 Qc7 8. Bg2
Nf6 9. O-O d6 10. Re1 Be7 11. a4 bxa4 12. Rxa4 O-O 13. Qe2 Rc8 14. Nb3 Nc6 15.
Bf4 Nd7 16. Rd1 Rab8 17. Raa1 Nce5 18. Na5 Ba8 19. Bc1 Nc5 20. f4 Nc6 21. Nc4
Nb4 22. Ne3 Re8 23. h3 Bf8 24. Qc4 Qb6 25. Kh2 Rbc8 26. Qf1 h6 27. Qf2 Nd7 28.
Na4 Qb8 29. c3 Nc6 30. b4 Nf6 31. Ng4 Nd7 32. Nb2 Bb7 33. Ne3 Ne7 34. Na4 Bc6
35. Nb2 Nf6 36. Qc2 d5 37. e5 Ne4 38. Rxa6 Nxc3 1/2-1/2

[Event "Battle of the Sexes 2022"]
[Site "Gibraltar ENG"]
[Date "2022.01.26"]
[Round "3.9"]
[White "Sebag, Marie"]
[Black "Gallagher, Joseph G."]
[Result "1/2-1/2"]
[WhiteTitle "GM"]
[BlackTitle "GM"]
[WhiteElo "2460"]
[BlackElo "2447"]
[WhiteTeam "PIA"]
[BlackTeam "SABINO"]
[WhiteFideId "617822"]
[BlackFideId "1303422"]
[EventDate "2022.01.24"]

1. e4 c5 2. Nf3 d6 3. Bb5+ Bd7 4. Bxd7+ Qxd7 5. c4 Nf6 6. Nc3 g6 7. d4 cxd4 8.
Nxd4 Bg7 9. f3 O-O 10. Be3 Nc6 11. O-O a6 12. Qd3 Rfc8 13. b3 b5 14. cxb5 Ne5
15. Qd2 d5 16. Nc6 1/2-1/2

[Event "Battle of the Sexes 2022"]
[Site "Gibraltar ENG"]
[Date "2022.01.26"]
[Round "3.10"]
[White "Mammadzada, Gunay"]
[Black "Krysa, Leandro"]
[Result "0-1"]
[WhiteTitle "IM"]
[BlackTitle "GM"]
[WhiteElo "2470"]
[BlackElo "2531"]
[WhiteTeam "PIA"]
[BlackTeam "SABINO"]
[WhiteFideId "13403729"]
[BlackFideId "116807"]
[EventDate "2022.01.24"]

1. e4 c6 2. d4 d5 3. Nc3 dxe4 4. Nxe4 Nf6 5. Nxf6+ exf6 6. c3 Bd6 7. Bd3 O-O 8.
Qc2 Re8+ 9. Ne2 h5 10. Be3 Nd7 11. O-O-O Nf8 12. c4 Be6 13. Kb1 Rc8 14. a3 Ng6
15. h3 h4 16. f4 f5 17. Bc1 b5 18. c5 Bc7 19. Nc3 Ne7 20. Rhe1 Qd7 21. Qf2 a5
22. Na2 b4 23. a4 Bb3 24. Bc2 Bxc2+ 25. Kxc2 Qd5 26. Kb1 Ng6 27. Bd2 Re4 28.
Rxe4 Qxe4+ 29. Ka1 Qc2 30. Qf3 Qxa4 31. Kb1 Ne7 32. Nc1 Nd5 33. g4 hxg3 34. Rg1
Bd8 35. Qd3 Bf6 36. Qxf5 Rb8 37. Qd3 Nc3+ 38. Bxc3 bxc3 39. Rg2 cxb2 0-1

[Event "Battle of the Sexes 2022"]
[Site "Gibraltar ENG"]
[Date "2022.01.27"]
[Round "4.1"]
[White "Csonka, Balazs"]
[Black "Muzychuk, Mariya"]
[Result "1/2-1/2"]
[WhiteTitle "IM"]
[BlackTitle "GM"]
[WhiteElo "2474"]
[BlackElo "2539"]
[WhiteTeam "SABINO"]
[BlackTeam "PIA"]
[WhiteFideId "742910"]
[BlackFideId "14114550"]
[EventDate "2022.01.24"]

1. e4 c6 2. Nc3 d5 3. Nf3 Bg4 4. h3 Bxf3 5. Qxf3 e6 6. Be2 Bc5 7. O-O Ne7 8. Na4
Bd6 9. d4 dxe4 10. Qxe4 Nd7 11. Rd1 Qa5 12. Nc3 Nf6 13. Qf3 Qf5 14. Qxf5 1/2-1/2

[Event "Battle of the Sexes 2022"]
[Site "Gibraltar ENG"]
[Date "2022.01.27"]
[Round "4.2"]
[White "Krysa, Leandro"]
[Black "Abdumalik, Zhansaya"]
[Result "1/2-1/2"]
[WhiteTitle "GM"]
[BlackTitle "GM"]
[WhiteElo "2531"]
[BlackElo "2491"]
[WhiteTeam "SABINO"]
[BlackTeam "PIA"]
[WhiteFideId "116807"]
[BlackFideId "13703544"]
[EventDate "2022.01.24"]

1. d4 Nf6 2. c4 g6 3. Nc3 d5 4. Nf3 Bg7 5. h4 h5 6. Bg5 c5 7. dxc5 Qa5 8. cxd5
Nbd7 9. Qd2 Nxc5 10. Rc1 O-O 11. e3 Rd8 12. Bc4 a6 13. a3 b5 14. Ba2 b4 15. axb4
Qxb4 16. O-O Bb7 17. Rfd1 Rac8 18. Nd4 a5 19. Ncb5 Qxd2 20. Rxd2 Nce4 21. Rdc2
Rxc2 22. Rxc2 Nxg5 23. hxg5 Nxd5 24. Bb3 Kf8 1/2-1/2

[Event "Battle of the Sexes 2022"]
[Site "Gibraltar ENG"]
[Date "2022.01.27"]
[Round "4.3"]
[White "Brunello, Sabino"]
[Black "Batsiashvili, Nino"]
[Result "1-0"]
[WhiteTitle "GM"]
[BlackTitle "GM"]
[WhiteElo "2503"]
[BlackElo "2491"]
[WhiteTeam "SABINO"]
[BlackTeam "PIA"]
[WhiteFideId "813613"]
[BlackFideId "13602993"]
[EventDate "2022.01.24"]

1. d4 d5 2. c4 e6 3. Nc3 a6 4. c5 e5 5. e3 Nc6 6. Nf3 e4 7. Ng1 Nf6 8. Bd2 h5 9.
h4 Bg4 10. f3 exf3 11. gxf3 Bf5 12. Qa4 Be7 13. Nge2 O-O 14. Nf4 b5 15. cxb6 Nb4
16. bxc7 Qxc7 17. Rc1 Bd7 18. Qd1 Qd8 19. Kf2 Bd6 20. Nce2 Rb8 21. Bxb4 Rxb4 22.
b3 Re8 23. Bh3 Qe7 24. Rc3 Bb5 25. Qg1 Bxe2 26. Nxe2 Nh7 27. Bf5 g6 28. Bxg6
fxg6 29. Qxg6+ Kh8 30. Qxh5 Rb6 31. Rg1 Rc6 32. Rgc1 Rxc3 33. Rxc3 Rg8 34. Qh6
Qd7 35. Nf4 Bxf4 36. Qxf4 Qg7 37. Qe5 Nf6 38. Qg5 Qe7 39. Qh6+ Nh7 40. Rc5 Qf7
41. Qxa6 Rf8 42. Qe2 Qh5 43. Ke1 Qxh4+ 44. Kd2 Qh5 45. e4 Ng5 46. exd5 Re8 47.
Qg2 Qh4 48. Kc3 Qe1+ 49. Kc4 Qc1+ 50. Kb5 Rb8+ 51. Kc6 Qf4 52. d6 Rg8 53. Qg4
Qf8 54. Rxg5 Qa8+ 55. Kb5 Rb8+ 56. Kc4 Qa6+ 57. Kc3 Rc8+ 58. Rc5 Qa5+ 59. Kd3
Qa6+ 60. Ke3 Re8+ 61. Re5 1-0

[Event "Battle of the Sexes 2022"]
[Site "Gibraltar ENG"]
[Date "2022.01.27"]
[Round "4.4"]
[White "Gallagher, Joseph G."]
[Black "Cramling, Pia"]
[Result "1/2-1/2"]
[WhiteTitle "GM"]
[BlackTitle "GM"]
[WhiteElo "2447"]
[BlackElo "2452"]
[WhiteTeam "SABINO"]
[BlackTeam "PIA"]
[WhiteFideId "1303422"]
[BlackFideId "1700030"]
[EventDate "2022.01.24"]

1. e4 c5 2. Nf3 Nc6 3. d4 cxd4 4. Nxd4 e6 5. Nc3 a6 6. Be2 d6 7. Be3 Nf6 8. Qd2
Be7 9. f4 O-O 10. O-O-O Nxd4 11. Qxd4 Nd7 12. h4 b5 13. h5 h6 14. Kb1 Rb8 15.
Bf3 b4 16. Ne2 e5 17. Qd2 a5 18. Ng3 exf4 19. Bxf4 Ne5 20. Nf5 Bxf5 21. exf5 Qc8
22. Bd5 Qxf5 23. Rdf1 Bg5 24. Bxg5 Qxg5 25. Qxg5 hxg5 26. Rf5 g4 27. Rd1 Rb6 28.
Rd4 Re8 29. Kc1 Re7 30. Bc4 Rc7 31. Bd5 Kf8 32. Kd1 Rc5 33. Bb3 Ra6 34. a3 bxa3
35. bxa3 Rc3 36. a4 Rg3 37. Rd2 Re3 38. Rdf2 Ra7 39. Kd2 Re4 40. R2f4 Rxf4 41.
Rxf4 Ke7 42. Rd4 Rc7 43. Ke3 Rc6 44. Kf4 Rb6 45. Rd5 Rb4+ 46. Kg3 f5 47. Rxa5
f4+ 48. Kh4 Re4 49. Ra7+ Kf6 50. Ra8 f3 51. Kg3 Re2 52. gxf3 gxf3 53. Rf8+ Ke7
54. Rf5 Rg2+ 55. Kh3 Rg1 56. Kh2 Rg2+ 57. Kh3 Rg1 58. Kh2 Rg2+ 1/2-1/2

[Event "Battle of the Sexes 2022"]
[Site "Gibraltar ENG"]
[Date "2022.01.27"]
[Round "4.5"]
[White "Bellahcene, Bilel"]
[Black "Sukandar, Irine Kharisma"]
[Result "1-0"]
[WhiteTitle "GM"]
[BlackTitle "IM"]
[WhiteElo "2508"]
[BlackElo "2407"]
[WhiteTeam "SABINO"]
[BlackTeam "PIA"]
[WhiteFideId "696358"]
[BlackFideId "7101937"]
[EventDate "2022.01.24"]

1. d4 Nf6 2. c4 e6 3. Nc3 Bb4 4. g4 d5 5. a3 Bxc3+ 6. bxc3 dxc4 7. Qa4+ Nc6 8.
Qxc4 Qd5 9. Qxd5 exd5 10. f3 Bd7 11. Bf4 O-O-O 12. e3 h5 13. g5 Ne8 14. Bd3 Nd6
15. Bxd6 cxd6 16. Ne2 h4 17. Nf4 Ne7 18. a4 a5 19. Kd2 Bc6 20. Rhg1 g6 21. Bc2
Kc7 22. Rgc1 Rb8 23. Bd3 Kd8 24. Ra2 Re8 25. Bc2 Nc8 26. Rb1 Kc7 27. Rab2 Ne7
28. Ke2 Rec8 29. Rb6 Re8 30. Kf2 Nc8 31. R6b5 Bxb5 32. Nxd5+ Kd8 33. Rxb5 b6 34.
Bd3 Ne7 35. Nf6 Rh8 36. e4 Kc7 37. Bc4 Rhf8 38. Ke3 Rb7 39. Rb3 Kb8 40. Kd3 Ka7
41. f4 Rc7 42. Bb5 d5 43. exd5 Nf5 44. Ne4 Rd8 45. c4 Re7 46. Bc6 Rc7 47. Bb5
Re7 48. Rb1 Rc7 49. Nf6 Re7 50. Ng4 Kb8 51. Ne5 Kc7 52. Bc6 Rb8 53. Kc3 Nd6 54.
Re1 Nf5 55. Re2 Kd6 56. Bb5 Rh8 57. h3 Ng3 58. c5+ bxc5 59. Nc4+ Kxd5 60. Rxe7
cxd4+ 61. Kd3 1-0

[Event "Battle of the Sexes 2022"]
[Site "Gibraltar ENG"]
[Date "2022.01.27"]
[Round "4.6"]
[White "Rosen, Eric"]
[Black "Girya, Olga"]
[Result "1/2-1/2"]
[WhiteTitle "IM"]
[BlackTitle "GM"]
[WhiteElo "2356"]
[BlackElo "2405"]
[WhiteTeam "SABINO"]
[BlackTeam "PIA"]
[WhiteFideId "2032562"]
[BlackFideId "4195752"]
[EventDate "2022.01.24"]

1. e4 e5 2. Nf3 Nc6 3. Bc4 Bc5 4. c3 Nf6 5. d4 exd4 6. e5 d5 7. Bb5 Ne4 8. cxd4
Bb6 9. Nc3 O-O 10. Be3 Bg4 11. h3 Bh5 12. Qc2 Nxc3 13. bxc3 f6 14. exf6 Qxf6 15.
Be2 Na5 16. Ne5 Bxe2 17. Qxe2 c5 18. O-O cxd4 19. cxd4 Qe6 20. f4 Nc4 21. Rad1
Rac8 22. g4 Nxe5 23. dxe5 Rc4 24. Bxb6 Qxb6+ 25. Kg2 Rcxf4 26. Rxf4 Rxf4 27.
Rxd5 Qc6 28. Qd3 Rf8 29. Kg3 Qc1 30. Qd2 Qa3+ 31. Rd3 Qc5 32. Rd5 Qa3+ 33. Rd3
Qc5 34. Rd5 Qa3+ 1/2-1/2

[Event "Battle of the Sexes 2022"]
[Site "Gibraltar ENG"]
[Date "2022.01.27"]
[Round "4.7"]
[White "Cheng, Bobby"]
[Black "Sebag, Marie"]
[Result "1/2-1/2"]
[WhiteTitle "GM"]
[BlackTitle "GM"]
[WhiteElo "2550"]
[BlackElo "2460"]
[WhiteTeam "SABINO"]
[BlackTeam "PIA"]
[WhiteFideId "4300033"]
[BlackFideId "617822"]
[EventDate "2022.01.24"]

1. d4 d5 2. c4 c6 3. Nf3 Nf6 4. Nc3 e6 5. e3 Nbd7 6. Qc2 Bd6 7. b3 O-O 8. Be2 b6
9. O-O Bb7 10. Bb2 Rc8 11. Rad1 c5 12. cxd5 cxd4 13. Rxd4 Nxd5 14. Rc4 Rxc4 15.
Bxc4 Nxc3 16. Qxc3 Nf6 17. Rc1 Qe7 18. Bd3 Bxf3 19. gxf3 Ba3 20. f4 Bxb2 21.
Qxb2 Rd8 22. Be2 g6 23. Bf3 Ne8 24. Qc3 Nd6 25. Qb4 Qd7 26. Rd1 1/2-1/2

[Event "Battle of the Sexes 2022"]
[Site "Gibraltar ENG"]
[Date "2022.01.27"]
[Round "4.8"]
[White "Haria, Ravi"]
[Black "Mammadzada, Gunay"]
[Result "1/2-1/2"]
[WhiteTitle "IM"]
[BlackTitle "IM"]
[WhiteElo "2490"]
[BlackElo "2470"]
[WhiteTeam "SABINO"]
[BlackTeam "PIA"]
[WhiteFideId "415820"]
[BlackFideId "13403729"]
[EventDate "2022.01.24"]

1. e4 c5 2. Nc3 a6 3. g3 d6 4. Bg2 Nf6 5. Nf3 e6 6. O-O Be7 7. e5 dxe5 8. Nxe5
O-O 9. a4 Qc7 10. Nc4 Nc6 11. a5 Bd7 12. d3 Be8 13. Re1 Qd8 14. Bf4 Ra7 15. Ne4
Nd5 16. Bd6 Bxd6 17. Nexd6 Bd7 18. c3 Qc7 19. Ne4 Nce7 20. Qb3 Nf5 21. Nb6 Bc6
22. Nxc5 Nf4 23. Bf1 Ng6 24. Qb4 Rd8 25. Bg2 Bxg2 26. Kxg2 Qc6+ 27. Kg1 h5 28.
Nb3 h4 29. Qe4 Qb5 30. Qc4 Ne5 31. Qxb5 Nf3+ 32. Kh1 axb5 33. Red1 h3 34. d4 Nh6
35. Rd3 Ne5 36. Rd2 Nc4 37. Nxc4 bxc4 38. Nc5 b6 39. Ne4 Rda8 40. Ng5 Rxa5 41.
Rxa5 Rxa5 42. Nxh3 g5 43. Kg2 f6 44. Ng1 Nf5 45. g4 Ne7 46. Kg3 Nd5 47. Nh3 Ra2
48. Rc2 b5 49. f4 b4 50. cxb4 c3 51. Rxc3 Nxc3 52. bxc3 Rc2 53. fxg5 Rxc3+ 54.
Kh4 Kf7 55. Nf4 e5 56. dxe5 fxe5 57. g6+ Kg7 58. Nd5 Rd3 59. Ne7 Kf6 60. g7 Kxg7
61. Kg5 1/2-1/2

[Event "Battle of the Sexes 2022"]
[Site "Gibraltar ENG"]
[Date "2022.01.27"]
[Round "4.9"]
[White "Bwalya, Gillan"]
[Black "Houska, Jovanka"]
[Result "0-1"]
[WhiteTitle "IM"]
[BlackTitle "IM"]
[WhiteElo "2410"]
[BlackElo "2365"]
[WhiteTeam "SABINO"]
[BlackTeam "PIA"]
[WhiteFideId "8700257"]
[BlackFideId "405094"]
[EventDate "2022.01.24"]

1. e4 c6 2. d4 d5 3. e5 Bf5 4. Nc3 e6 5. g4 Bg6 6. Nge2 c5 7. h4 h5 8. Nf4 Bh7
9. Nxh5 Nc6 10. Bb5 Ne7 11. Bg5 Qc7 12. f4 a6 13. Bxe7 Qxe7 14. Bxc6+ bxc6 15.
Ne2 Rb8 16. b3 Be4 17. Rh3 Bg6 18. Neg3 Qa7 19. f5 Bxh5 20. Nxh5 cxd4 21. fxe6
fxe6 22. Qd3 Bb4+ 23. Ke2 O-O 24. Qg6 Kh8 25. Rd3 Qc7 26. Qg5 Qf7 27. Rh1 Be7
28. Qd2 Qg6 29. Rg1 Bxh4 30. Kd1 Rf2 31. Qa5 Rbf8 32. Kc1 Bg5+ 33. Kb1 Rxc2 34.
Rh1 Rc1+ 35. Rxc1 Bxc1 36. Qxa6 Ba3 37. b4 Bxb4 38. Kb2 Bc3+ 39. Ka3 Qf7 40. Qb6
Qe7+ 41. Kb3 Rf2 42. Qb8+ Kh7 43. Nf6+ gxf6 44. Rh3+ Kg6 45. Qg8+ Qg7 46. Qe8+
Kg5 47. Rh5+ Kf4 0-1

[Event "Battle of the Sexes 2022"]
[Site "Gibraltar ENG"]
[Date "2022.01.27"]
[Round "4.10"]
[White "Aziz, Husain"]
[Black "Efroimski, Marsel"]
[Result "1/2-1/2"]
[WhiteTitle "IM"]
[BlackTitle "IM"]
[WhiteElo "2379"]
[BlackElo "2437"]
[WhiteTeam "SABINO"]
[BlackTeam "PIA"]
[WhiteFideId "12100293"]
[BlackFideId "2810964"]
[EventDate "2022.01.24"]

1. d4 d5 2. c4 e6 3. Nf3 Nf6 4. Nc3 c5 5. cxd5 Nxd5 6. e4 Nxc3 7. bxc3 cxd4 8.
cxd4 Bb4+ 9. Bd2 Bxd2+ 10. Qxd2 O-O 11. Bc4 Nd7 12. O-O b6 13. Rad1 Bb7 14. Rfe1
Rc8 15. Bb3 Re8 16. h3 Nf6 17. Qf4 Qc7 18. Qh4 h6 19. Re3 a5 20. a4 Qe7 21. d5
exd5 22. exd5 Qa3 23. Qd4 Rxe3 24. Qxe3 Qc5 25. Qxc5 Rxc5 26. d6 Bxf3 27. gxf3
Rc8 28. Rd4 Kf8 29. Bc4 Ke8 30. f4 Rc5 31. Kg2 Kd7 32. Bb5+ Kd8 33. Bc4 Rc6 34.
Bb5 Rc5 35. Bc4 Rc6 36. Bb5 1/2-1/2

[Event "Battle of the Sexes 2022"]
[Site "Gibraltar ENG"]
[Date "2022.01.28"]
[Round "5.1"]
[White "Batsiashvili, Nino"]
[Black "Bwalya, Gillan"]
[Result "1-0"]
[WhiteTitle "GM"]
[BlackTitle "IM"]
[WhiteElo "2491"]
[BlackElo "2410"]
[WhiteTeam "PIA"]
[BlackTeam "SABINO"]
[WhiteFideId "13602993"]
[BlackFideId "8700257"]
[EventDate "2022.01.24"]

1. d4 f5 2. Bf4 Nf6 3. e3 d6 4. Nc3 e6 5. Nf3 Nc6 6. h3 h6 7. g4 g5 8. Bg3 Bg7
9. gxf5 exf5 10. d5 Ne7 11. Bc4 a6 12. Nd4 b5 13. Bb3 b4 14. Nce2 Bd7 15. Ne6
Bxe6 16. dxe6 O-O 17. h4 d5 18. hxg5 hxg5 19. c4 bxc3 20. Nxc3 c6 21. Qf3 Ra7
22. Be5 Qc8 23. Bd4 Rb7 24. Na4 Rb5 25. Nc5 Qe8 26. Qg3 Qg6 27. Qc7 Re8 28. f3
f4 29. Nd7 Qf5 30. O-O-O Qxe6 31. Nxf6+ Bxf6 32. Rh6 Rf8 33. Rdh1 Rxb3 34. axb3
fxe3 35. Bxf6 Rxf6 36. Rh8+ Kg7 37. R1h7+ 1-0

[Event "Battle of the Sexes 2022"]
[Site "Gibraltar ENG"]
[Date "2022.01.28"]
[Round "5.2"]
[White "Houska, Jovanka"]
[Black "Aziz, Husain"]
[Result "1/2-1/2"]
[WhiteTitle "IM"]
[BlackTitle "IM"]
[WhiteElo "2365"]
[BlackElo "2379"]
[WhiteTeam "PIA"]
[BlackTeam "SABINO"]
[WhiteFideId "405094"]
[BlackFideId "12100293"]
[EventDate "2022.01.24"]

1. Nf3 d5 2. g3 Nd7 3. d4 Nb6 4. a4 a5 5. b3 Bf5 6. Nbd2 e6 7. Bb2 h6 8. Bg2 Nf6
9. O-O Be7 10. Ne5 O-O 11. Nd3 Nbd7 12. Rc1 c6 13. c4 Nb8 14. Nf4 Na6 15. f3 Nb4
16. e4 Bh7 17. Qe2 Re8 18. Kh1 Bf8 19. Nd3 Nxd3 20. Qxd3 Bb4 21. Rfd1 Qe7 22.
Qe3 dxe4 23. Nxe4 Bxe4 24. fxe4 e5 25. d5 Bc5 26. Qf3 Ba3 27. Bxa3 Qxa3 28. c5
cxd5 29. exd5 e4 30. Qc3 Rac8 31. Bh3 Rc7 32. d6 Rc6 33. d7 Rd8 34. Qxa5 b6 35.
Qb5 Rxc5 36. Rxc5 Qxc5 37. Qxc5 bxc5 38. Rc1 Nxd7 39. Rd1 e3 40. Kg2 e2 41. Re1
Nf6 42. Rxe2 Rb8 43. Re3 c4 44. bxc4 Rb2+ 45. Kf3 Ra2 46. c5 Rxa4 47. Rc3 Ra7
48. c6 Rc7 49. Bg2 Kf8 50. Kf4 Ke7 51. Ke5 Kd8 52. Ra3 Re7+ 53. Kd6 Ne8+ 54. Kc5
Re5+ 55. Kb6 Nc7 56. Rd3+ Kc8 57. Rb3 Na8+ 58. Ka6 Nc7+ 59. Ka7 Nb5+ 60. Kb6 Nc7
61. Bh3+ f5 62. g4 g6 63. gxf5 gxf5 64. Bf1 Re1 65. Bd3 Re5 66. Rb1 Nd5+ 67. Kc5
Nf4+ 68. Kc4 Nxd3 1/2-1/2

[Event "Battle of the Sexes 2022"]
[Site "Gibraltar ENG"]
[Date "2022.01.28"]
[Round "5.3"]
[White "Girya, Olga"]
[Black "Brunello, Sabino"]
[Result "0-1"]
[WhiteTitle "GM"]
[BlackTitle "GM"]
[WhiteElo "2405"]
[BlackElo "2503"]
[WhiteTeam "PIA"]
[BlackTeam "SABINO"]
[WhiteFideId "4195752"]
[BlackFideId "813613"]
[EventDate "2022.01.24"]

1. d4 Nf6 2. Nf3 e6 3. c4 b6 4. g3 Ba6 5. b3 Bb7 6. Bg2 Bb4+ 7. Bd2 a5 8. O-O
O-O 9. a3 Be7 10. Nc3 Ne4 11. Qc2 Nxd2 12. Nxd2 Bxg2 13. Kxg2 d5 14. cxd5 exd5
15. Nf3 c6 16. e4 dxe4 17. Nxe4 Ra7 18. Rfd1 Rc7 19. Ne5 Qd5 20. Kg1 c5 21. Nc3
Qe6 22. Nb5 Rcc8 23. Nc4 cxd4 24. Nxd4 Qf6 25. Nb5 Bc5 26. Rac1 Rcd8 27. Rf1 Nd7
28. Qc3 Qg5 29. a4 Nf6 30. Qf3 Rd5 31. Rc2 Rf5 32. Qg2 Rd8 33. Nc3 h5 34. Ne4
Nxe4 35. Qxe4 Qf6 36. Kg2 Rd4 37. Qa8+ Kh7 38. Ne3 Re5 39. Nc4 Rf5 40. Ne3 Re5
41. Nc4 Rd8 42. Qf3 Rf5 43. Qe4 Rd4 44. Qb7 Qe6 45. Rd2 Rxd2 46. Nxd2 Rd5 47.
Nf3 Qf5 48. h4 f6 49. Rc1 Rd3 50. Rc4 Rxb3 51. Rf4 Qe6 52. Re4 Qf5 53. Rf4 Qc2
54. Nd4 Bxd4 55. Rxd4 Rb4 56. Qd5 Kh6 57. Qd8 Qc6+ 58. Kh2 Rb2 59. Rd2 Rxd2 60.
Qxd2+ Kg6 61. Qd3+ Kf7 62. Qb3+ Qe6 63. Qb5 Kg6 64. Qb1+ Kf7 65. Qb5 g6 66. Kg2
Ke7 67. Kh2 Qd6 68. Qe2+ Qe5 69. Qd3 f5 70. f4 Qb2+ 71. Kh3 Qb4 72. Qd5 Qe4 73.
Qd1 Ke6 74. Qb3+ Kd7 75. Kh2 Qe2+ 76. Kg1 Qe6 77. Qc3 Qd6 78. Kh2 Qe6 79. Kg1
Qd6 80. Kh2 Qc6 81. Qg7+ Kc8 82. Qg8+ Kb7 83. Qb3 Ka7 84. Qf7+ Ka6 85. Qb3 Qd7
86. Qc4+ Kb7 87. Qb3 b5 88. axb5 Kb6 89. Qe3+ Kxb5 90. Qe5+ Kb6 91. Qe3+ Kb7 92.
Qb3+ Ka6 93. Qc4+ Kb6 94. Qb3+ Qb5 95. Qe6+ Qc6 96. Qb3+ Ka6 97. Qd3+ Ka7 98.
Qe3+ Kb7 99. Qb3+ Ka8 100. Qb2 a4 101. Qb4 Ka7 102. Qd4+ Ka6 103. Qb4 Qc2+ 104.
Kg1 Qb3 105. Qd6+ Qb6+ 0-1

[Event "Battle of the Sexes 2022"]
[Site "Gibraltar ENG"]
[Date "2022.01.28"]
[Round "5.4"]
[White "Cramling, Pia"]
[Black "Cheng, Bobby"]
[Result "1/2-1/2"]
[WhiteTitle "GM"]
[BlackTitle "GM"]
[WhiteElo "2452"]
[BlackElo "2550"]
[WhiteTeam "PIA"]
[BlackTeam "SABINO"]
[WhiteFideId "1700030"]
[BlackFideId "4300033"]
[EventDate "2022.01.24"]

1. Nf3 d5 2. d4 Nf6 3. c4 e6 4. Nc3 dxc4 5. e3 a6 6. a4 b6 7. Bxc4 Bb7 8. O-O
Bb4 9. Qe2 O-O 10. Ne5 c5 11. Na2 Ba5 12. Rd1 Qc7 13. b3 Nc6 14. Bb2 Rfd8 15.
Ng4 Nd5 16. dxc5 bxc5 17. h3 Qe7 18. Ne5 Bc7 19. Nxc6 Bxc6 20. Nc3 Qd6 21. f4
Qe7 22. Qf2 Rd7 23. Ne2 Bb7 24. e4 Nb6 25. Qg3 f6 26. Rxd7 Nxd7 27. Qg4 Re8 28.
Ng3 Kh8 29. Rd1 Nf8 30. f5 Bxg3 1/2-1/2